| Поле | Инд. | ПП | Название | Значение |
|---|---|---|---|---|
| Тип записи | a | |||
| Библиографический уровень | b | |||
| 001 | Контрольный номер | 47012d5f608c4fed9d805178130e438a | ||
| 005 | Дата корректировки | 20260507144726.2 | ||
| 024 | 80 | a | Стандартный номер | 10.54546/NaturalSciRev.200605 |
| 040 | a | Служба первич. каталог. | РИНЦ | |
| b | Код языка каталог. | rus | ||
| 041 | 0_ | a | Код языка текста | eng |
| 097 | a | Василенко М.А. | ||
| 100 | 1_ | a | Автор | Zemlyanaya E. V. |
| c | Титул (звания) | старший научный сотрудник; доктор физико-математических наук; профессор (должность); | ||
| i | 000089034 | |||
| g | Прочие сведения | РИНЦ AuthorID: 6258 (http://elibrary.ru/author_items.asp?authorid=6258) | ||
| j | Принадлежность неизвестного автора к последователям, ученикам, сторонникам, школе и т. д. | государственный университет "Дубна" | ||
| k | Кафедра распределенных информационно-вычислительных систем; Институт системного анализа и управления | |||
| q | Полное имя | Земляная Елена Валериевна | ||
| u | Дополнение | Земляная Е. В. | ||
| 100 | 1_ | a | Автор | Chuluunbaatar O. |
| 245 | 10 | a | Заглавие | Computational Schemes Based on the Continuous Analogue of Newton’s Method in the Numerical Study of Complex Physical Systems at JINR |
| 773 | 18 | t | Название источника | Natural Science Review |
| b | Сведения об издании | Joint Institute for Nuclear Research | ||
| c | Russia | |||
| d | Место и дата издания | 2026 | ||
| x | ISSN | 3079-2738 | ||
| g | Прочая информация | Т. 6. - № 6. - С. 1 - 63 | ||
| w | Контрольный № источника | 52cde752c35e4723bc4eda820a1db7ce | ||
| 856 | 40 | u | URL | https://elibrary.ru/item.asp?id=89261284 |
| 901 | t | Тип документа | b | |
| 952 | c | Вид литературы | статья в журнале |